<?xml version="1.0" encoding="UTF-8"?><?xml-stylesheet type="text/xsl" href="static/style.xsl"?><OAI-PMH xmlns="http://www.openarchives.org/OAI/2.0/" xmlns:xsi="http://www.w3.org/2001/XMLSchema-instance" xsi:schemaLocation="http://www.openarchives.org/OAI/2.0/ http://www.openarchives.org/OAI/2.0/OAI-PMH.xsd"><responseDate>2026-04-17T04:33:13Z</responseDate><request verb="GetRecord" identifier="oai:www.recercat.cat:2445/228649" metadataPrefix="marc">https://recercat.cat/oai/request</request><GetRecord><record><header><identifier>oai:recercat.cat:2445/228649</identifier><datestamp>2026-04-07T19:12:37Z</datestamp><setSpec>com_2072_1057</setSpec><setSpec>col_2072_478917</setSpec><setSpec>col_2072_478933</setSpec></header><metadata><record xmlns="http://www.loc.gov/MARC21/slim" xmlns:dcterms="http://purl.org/dc/terms/" xmlns:xsi="http://www.w3.org/2001/XMLSchema-instance" xmlns:doc="http://www.lyncode.com/xoai" xsi:schemaLocation="http://www.loc.gov/MARC21/slim http://www.loc.gov/standards/marcxml/schema/MARC21slim.xsd">
   <leader>00925njm 22002777a 4500</leader>
   <datafield ind2=" " ind1=" " tag="042">
      <subfield code="a">dc</subfield>
   </datafield>
   <datafield ind2=" " ind1=" " tag="720">
      <subfield code="a">McHugh, Darragh</subfield>
      <subfield code="e">author</subfield>
   </datafield>
   <datafield ind2=" " ind1=" " tag="720">
      <subfield code="a">Tong, Wenming</subfield>
      <subfield code="e">author</subfield>
   </datafield>
   <datafield ind2=" " ind1=" " tag="720">
      <subfield code="a">Bezrukov, Andrey</subfield>
      <subfield code="e">author</subfield>
   </datafield>
   <datafield ind2=" " ind1=" " tag="720">
      <subfield code="a">Farras, Pau</subfield>
      <subfield code="e">author</subfield>
   </datafield>
   <datafield ind2=" " ind1=" " tag="720">
      <subfield code="a">Zaworotko, Michael J.</subfield>
      <subfield code="e">author</subfield>
   </datafield>
   <datafield ind2=" " ind1=" " tag="720">
      <subfield code="a">Mayans Ayats, Júlia</subfield>
      <subfield code="e">author</subfield>
   </datafield>
   <datafield ind2=" " ind1=" " tag="720">
      <subfield code="a">Skelton, Jonathan M.</subfield>
      <subfield code="e">author</subfield>
   </datafield>
   <datafield ind2=" " ind1=" " tag="720">
      <subfield code="a">Barnett. Sarah</subfield>
      <subfield code="e">author</subfield>
   </datafield>
   <datafield ind2=" " ind1=" " tag="720">
      <subfield code="a">Pallipurath, Anuradha R.</subfield>
      <subfield code="e">author</subfield>
   </datafield>
   <datafield ind2=" " ind1=" " tag="720">
      <subfield code="a">Papatriantafyllopoulou, Constantina</subfield>
      <subfield code="e">author</subfield>
   </datafield>
   <datafield ind2=" " ind1=" " tag="260">
      <subfield code="c">2026-04-01T08:10:02Z</subfield>
   </datafield>
   <datafield ind2=" " ind1=" " tag="260">
      <subfield code="c">2026-04-01T08:10:02Z</subfield>
   </datafield>
   <datafield ind2=" " ind1=" " tag="260">
      <subfield code="c">2025-01-02</subfield>
   </datafield>
   <datafield ind2=" " ind1=" " tag="260">
      <subfield code="c">2026-04-01T08:10:02Z</subfield>
   </datafield>
   <datafield ind2=" " ind1=" " tag="520">
      <subfield code="a">Lanthanide-based metal-organic frameworks have attracted significant interest due to their ability to combine porosity with one or more additional properties, providing an alternative method for the development of multifunctional materials. With this in mind, we report the synthesis and characterisation of the OnG5 family of MOFs with the formula [LnLH(DMF)3][(4-NH2Ph)3C](NO3)(CH3CO2H), where Ln=Gd (OnG5-Gd), Tb (OnG5-Tb), Dy (OnG5-Dy), and LH3−= the trianion of 4,4′,4′′-(1 E)-[4,4′,4′′-(methanetriyl)tris(benzene-4,1-diyl)tris(azan-1- yl-1-ylidene)]tris(methan-1-yl-1-ylidene)tribenzoic acid. OnG5 were synthesised in situ from the reaction of Ln(NO3)3.xH2O, pararosaniline base [(4-NH2Ph)3COH] and terephthalaldehydic acid in DMF. Their structure was studied through single crystal x-ray crystallography and confirmed with DFT calculations. OnG5 display a 2D, three-fold interpenetrated structure with a honeycomb lattice topology. They are the first examples bearing the ligand LHH3 and they display photoluminescence originating from an intraligand π-π* or n-π* transition. Dc and ac magnetic susceptibility studies conducted on the OnG5-Gd analogue revealed an absence of magnetic interaction between the metal centres.</subfield>
   </datafield>
   <datafield tag="653" ind2=" " ind1=" ">
      <subfield code="a">Estructura química</subfield>
   </datafield>
   <datafield tag="653" ind2=" " ind1=" ">
      <subfield code="a">Química organometàl·lica</subfield>
   </datafield>
   <datafield tag="653" ind2=" " ind1=" ">
      <subfield code="a">Chemical structure</subfield>
   </datafield>
   <datafield tag="653" ind2=" " ind1=" ">
      <subfield code="a">Organometallic chemistry</subfield>
   </datafield>
   <datafield ind2="0" ind1="0" tag="245">
      <subfield code="a">Lanthanide(III) Metal-Organic Frameworks (Ln=Gd, Tb, Dy)Based on a C3 Symmetrical Tricarboxylate Linker</subfield>
   </datafield>
</record></metadata></record></GetRecord></OAI-PMH>